Anales. /
Guardado en:
| Autor Corporativo: | |
|---|---|
| Formato: | Libro |
| Idioma: | Spanish |
| Publicado: |
Bahía Blanca :
Sociedad argentina de informática e investigación operativa,
1985.
|
| Etiquetas: |
Agregar Etiqueta
Sin Etiquetas, Sea el primero en etiquetar este registro!
|
| LEADER | 00602nam a22001455a 4500 | ||
|---|---|---|---|
| 001 | EUN.um002596 | ||
| 008 | 041125s1985####ag############000#0#spa#d | ||
| 005 | 20130701141543.0 | ||
| 245 | 1 | 0 | |a Anales. / |c Jornadas argentinas de informática e investigación operativa. 15. |
| 260 | |a Bahía Blanca : |b Sociedad argentina de informática e investigación operativa, |c 1985. | ||
| 300 | |a 2 v. | ||
| 110 | 2 | |a Jornadas argentinas de informática e investigación operativa. 15 |c Bahía Blanca, 14 al 16 de noviem. | |
| 082 | 0 | 4 | |a 001.54 |
| 082 | 0 | 4 | |a 001.124 |
| 859 | |a Ar-BaUNS |b BIB. CENTRAL - Sector C |h 001.54 |i J769 |p 92748/985 |v 15 v.1 | ||
